000 00361nam a2200157Ia 4500
003 Ost
005 20260225132549.0
008 260225s9999||||xx |||||||||||||| ||und||
040 _cfsic
041 _afre
082 _a440
100 _aAbraham sefaty
_eAuteur
245 0 _aecrits de prison sur la palestine /
245 0 _cAbraham sefaty
942 _cكتاب
999 _c34028
_d34028